Estudio económico de América Latina. 1982 Panamá

Guardat en:
Dades bibliogràfiques
Autor corporatiu: Naciones Unidas
Format: Text
Publicat: s.l.: CEPAL
Etiquetes: Afegir etiqueta
Sense etiquetes, Sigues el primer a etiquetar aquest registre!

MARC

LEADER 00000 a a2200000 04500
001 24634
003
040
090 |a 177100  
110 |a Naciones Unidas  
245 |a Estudio económico de América Latina. 1982 Panamá  
260 |a s.l.:   |b CEPAL  
300 |a 17 p.   |b **no definido**   |b fonodiscos  
999 |c 13649  |d 13649